Fishing Craft and Gear Technology / (Record no. 49864)

MARC details
000 -LEADER
fixed length control field 00714nam a22002177a 4500
003 - CONTROL NUMBER IDENTIFIER
control field OSt
008 - FIXED-LENGTH DATA ELEMENTS--GENERAL INFORMATION
fixed length control field 260123b |||||||| |||| 00| 0 eng d
082 ## - DEWEY DECIMAL CLASSIFICATION NUMBER
Classification number 639.20284
Item number B13F
100 ## - MAIN ENTRY--PERSONAL NAME
Personal name Badapanda, Krishna Chandra.
245 ## - TITLE STATEMENT
Title Fishing Craft and Gear Technology /
Statement of responsibility, etc. by Krishna Chandra Badapanda; Volume: lll
250 ## - EDITION STATEMENT
Edition statement 2nd revised and enlarged ed.
260 ## - PUBLICATION, DISTRIBUTION, ETC. (IMPRINT)
Place of publication, distribution, etc .- Delhi
Name of publisher, distributor, etc : Narendra Publishing House
Date of publication, distribution, etc , 2022
300 ## - PHYSICAL DESCRIPTION
Extent xiv,598p.
440 ## - SERIES STATEMENT/ADDED ENTRY--TITLE
Series Title Basic of Fisheries Science (A Complete Book on Fisheries)
650 ## - SUBJECT ADDED ENTRY--TOPICAL TERM
Topical term or geographic name as entry element Technology (Applied Sciences)
650 ## - SUBJECT ADDED ENTRY--TOPICAL TERM
Topical term or geographic name as entry element Agriculture and Related Technologies
650 ## - SUBJECT ADDED ENTRY--TOPICAL TERM
Topical term or geographic name as entry element Fisheries
650 ## - SUBJECT ADDED ENTRY--TOPICAL TERM
Topical term or geographic name as entry element Fishing Craft
650 ## - SUBJECT ADDED ENTRY--TOPICAL TERM
Topical term or geographic name as entry element Gear Technology
942 ## - ADDED ENTRY ELEMENTS (KOHA)
Source of classification or shelving scheme
Koha item type Books
Holdings
Withdrawn status Lost status Source of classification or shelving scheme Damaged status Not for loan Home library Current library Date acquired Source of acquisition Cost, normal purchase price Full call number Barcode Date last seen Bill Date Koha item type Bill Number
          Dr. Rajendra Prasad Central Agricultural University Pusa, College of Fishries - Dholi 23/01/2026 TTPP, New Delhi 3895.00 639.20284 B13F 86746 23/01/2026 06/01/2026 Books TTPP/400/25-26
          Dr. Rajendra Prasad Central Agricultural University Pusa, College of Fishries - Dholi 23/01/2026 TTPP, New Delhi 3895.00 639.20284 B13F 86747 23/01/2026 06/01/2026 Books TTPP/400/25-26
Hosted, Implemented, Customized & Maintained by: BestBookBuddies

Powered by Koha